Polska - quiz wielokrotnego wyboru - Statystyki

Ogólne statystyki
  • Ten quiz został rozwiązany 2 315 razy
    2 306 od ostatniego zresetowania
  • Średni wynik to 8 z 15
Statystyki odpowiedzi
Zagadnienie Odpowiedź % Poprawnych
Pierwszy koronowanym królem Polski jest... Bolesław I Chrobry
91%
Tradycyjne polskie ciasto jest przełożone kremem śmietankowym i nazywa się... karpatka
77%
I poziom ligowy w piłce nożnej w Polsce nazywa się... Ekstraklasa
75%
W Treblince mieścił się znany obiekt. Ten obiekt to... obóz koncentracyjny
71%
Język polski jest urzędowy w Polsce i w... części Brazylii
70%
Symbolem Bieszczadzkiego Parku Narodowego jest... ryś
57%
Prawda czy fałsz? Czy w Polsce znajduje się największy zamek świata? Prawda
51%
Najwyższa na świecie budowla w latach 1974–1991 znajdowała się w Polsce. Znajdowała się w... Konstantynowie
49%
Ernest Malinowski był inżynierem drogowym i kolejowym. Gdzie budował linie kolejowe? W Peru
44%
Będący częścią Europejskiego Szlaku Dziedzictwa Przemysłowego Kopalnia rud ołowiu, srebra i cynku wraz z systemem gospodarowania wodami podziemnymi leży w... Tarnowskich Górach
42%
Która grupa etniczna zamieszkuje Polskę? Karaimi
41%
W którym województwie nie ma parków narodowych? kujawsko-pomorskim
35%
Najmniej ludne miasto na prawach powiatu pod względem liczby mieszkańców jest... Sopot
30%
Biało-czerwoną flagę posiada jeden z niemieckich landów, jest to... Turyngia
27%
Najgłębsze jezioro w Polsce znajduje się w województwie... podlaskim
16%
Nie znaleziono quizów pasujących do podanych kryteriów
Rozkład punktacji
Procent ludzi z każdym wynikiem
Percentyl według liczby udzielonych odpowiedzi
Twoja historia wyników
Nie rozwiązałeś tego quizu od ostatniego zresetowania